[Event "Tradewise Gibraltar Masters 16th"]
[Site "Gibraltar"]
[Date "2018.01.29"]
[Round "7.37"]
[White "Huschenbeth, Niclas"]
[Black "Sonis, Francesco"]
[Result "1/2-1/2"]
[WhiteElo "2587"]
[BlackElo "2425"]
[PlyCount "106"]
[EventDate "2018.01.23"]
[EventType "swiss"]
[EventRounds "10"]
[EventCountry "GGB"]
[SourceTitle "BritBase"]
[Source "www.saund.co.uk"]
[SourceDate "2018.02.10"]
[SourceVersion "1"]
[SourceVersionDate "2018.02.10"]
[SourceQuality "1"]

1. e4 e5 2. Nf3 Nc6 3. Bb5 a6 4. Ba4 Nf6 5. O-O Be7 6. d3 d6 7. c3 O-O 8. Re1
b5 9. Bc2 d5 10. exd5 Qxd5 11. Nbd2 Bf5 12. Qe2 Rfe8 13. Ne4 Qd7 14. Ng3 Be6
15. Bd2 Bf8 16. b4 a5 17. a4 axb4 18. axb5 Rxa1 19. Rxa1 Nd8 20. Nxe5 Qd6 21.
d4 bxc3 22. Bxc3 g6 23. h3 Bd5 24. Ra6 Qe7 25. Ne4 Bg7 26. Nxf6+ Bxf6 27. Be4
Bxe5 28. dxe5 Qc5 29. Bxd5 Qxc3 30. Ra8 Kg7 31. e6 fxe6 32. Bc4 Qd4 33. g3 Re7
34. h4 Nf7 35. Ra2 Nd6 36. Bd3 e5 37. Qd2 e4 38. Bf1 Qe5 39. Ra5 Qf6 40. Ra3
Nf5 41. Qf4 e3 42. fxe3 Qb6 43. Ra6 Qxe3+ 44. Qxe3 Nxe3 45. Ra7 Kf6 46. Bh3 Nd5
47. Bg2 Nc3 48. Rb7 Ke6 49. Kf2 Kd6 50. b6 cxb6 51. Rxb6+ Kc5 52. Ra6 Kd4 53.
Bf3 Ke5 1/2-1/2

[Event "Tradewise Gibraltar Masters 16th"]
[Site "Gibraltar"]
[Date "2018.01.29"]
[Round "7.38"]
[White "Vega Gutierrez, Sabrina"]
[Black "Grigoriants, Sergey"]
[Result "0-1"]
[WhiteElo "2427"]
[BlackElo "2568"]
[PlyCount "66"]
[EventDate "2018.01.23"]
[EventType "swiss"]
[EventRounds "10"]
[EventCountry "GGB"]
[SourceTitle "BritBase"]
[Source "www.saund.co.uk"]
[SourceDate "2018.02.10"]
[SourceVersion "1"]
[SourceVersionDate "2018.02.10"]
[SourceQuality "1"]

1. e4 c5 2. Nf3 e6 3. d3 Nc6 4. g3 d5 5. Nbd2 Nf6 6. Bg2 g6 7. O-O Bg7 8. Re1
O-O 9. c3 a5 10. a4 b6 11. e5 Ng4 12. d4 cxd4 13. cxd4 f6 14. h3 Nh6 15. b3 Nf5
16. Nf1 fxe5 17. dxe5 Ba6 18. N1h2 h6 19. Ra2 Rc8 20. Rd2 Nb4 21. Bb2 h5 22. g4
Nh4 23. Qb1 Nxf3+ 24. Nxf3 hxg4 25. hxg4 Qe8 26. Bd4 Rf4 27. Bxb6 Nc6 28. g5
Qf7 29. Re3 Bf8 30. Rc2 d4 31. Re1 Rxf3 32. Bxf3 Qxf3 33. Qd1 Qf5 0-1

[Event "Tradewise Gibraltar Masters 16th"]
[Site "Gibraltar"]
[Date "2018.01.29"]
[Round "7.39"]
[White "Kozak, Adam"]
[Black "Kosteniuk, Alexandra"]
[Result "1/2-1/2"]
[WhiteElo "2418"]
[BlackElo "2561"]
[PlyCount "69"]
[EventDate "2018.01.23"]
[EventType "swiss"]
[EventRounds "10"]
[EventCountry "GGB"]
[SourceTitle "BritBase"]
[Source "www.saund.co.uk"]
[SourceDate "2018.02.10"]
[SourceVersion "1"]
[SourceVersionDate "2018.02.10"]
[SourceQuality "1"]

1. d4 Nf6 2. c4 e6 3. Nf3 b6 4. g3 Be7 5. Nc3 Bb7 6. Bg2 O-O 7. O-O Ne4 8. Nxe4
Bxe4 9. Nh4 Bxg2 10. Nxg2 d6 11. b3 Nd7 12. Bb2 a5 13. Qc2 Qb8 14. a4 Qb7 15.
Rad1 d5 16. cxd5 exd5 17. Ne3 Rfe8 18. Rc1 Rac8 19. Qc6 Qxc6 20. Rxc6 Nb8 21.
Rc2 c6 22. h4 Na6 23. Rfc1 Nb4 24. Rd2 g6 25. Ba3 Nd3 26. Rxd3 Bxa3 27. Rc2
Red8 28. h5 Kg7 29. hxg6 hxg6 30. Kg2 f5 31. Kf3 Rd6 32. g4 Kf7 33. gxf5 gxf5
34. Ng2 Rh6 35. e3 1/2-1/2

[Event "Tradewise Gibraltar Masters 16th"]
[Site "Gibraltar"]
[Date "2018.01.29"]
[Round "7.40"]
[White "Peralta, Fernando"]
[Black "Melia, Salome"]
[Result "1-0"]
[WhiteElo "2559"]
[BlackElo "2404"]
[PlyCount "57"]
[EventDate "2018.01.23"]
[EventType "swiss"]
[EventRounds "10"]
[EventCountry "GGB"]
[SourceTitle "BritBase"]
[Source "www.saund.co.uk"]
[SourceDate "2018.02.10"]
[SourceVersion "1"]
[SourceVersionDate "2018.02.10"]
[SourceQuality "1"]

1. d4 Nf6 2. c4 e6 3. Nc3 Bb4 4. e3 O-O 5. Bd3 d5 6. cxd5 exd5 7. Nge2 Re8 8.
O-O Bd6 9. Nf4 c6 10. f3 b6 11. Kh1 Qc7 12. g4 Bxf4 13. exf4 Ba6 14. f5 Bxd3
15. Qxd3 Nbd7 16. Ne2 c5 17. Bf4 Qb7 18. Ng3 c4 19. Qd2 Nf8 20. Be5 Qc6 21.
Rae1 Rac8 22. Rg1 N6d7 23. Bxg7 Kxg7 24. Nh5+ Kh8 25. Qg5 Ng6 26. fxg6 fxg6 27.
Qh6 Rg8 28. Re7 Nf8 29. Qf4 1-0

[Event "Tradewise Gibraltar Masters 16th"]
[Site "Gibraltar"]
[Date "2018.01.29"]
[Round "7.41"]
[White "Lalith, Babu M R"]
[Black "Devereaux, Maxim L"]
[Result "1-0"]
[WhiteElo "2542"]
[BlackElo "2370"]
[PlyCount "77"]
[EventDate "2018.01.23"]
[EventType "swiss"]
[EventRounds "10"]
[EventCountry "GGB"]
[SourceTitle "BritBase"]
[Source "www.saund.co.uk"]
[SourceDate "2018.02.10"]
[SourceVersion "1"]
[SourceVersionDate "2018.02.10"]
[SourceQuality "1"]

1. Nf3 d5 2. d4 Nf6 3. c4 e6 4. g3 dxc4 5. Bg2 a6 6. O-O Nc6 7. Bg5 Be7 8. e3
Rb8 9. Nfd2 Bd7 10. Nxc4 h6 11. Bxf6 Bxf6 12. Nc3 O-O 13. Ne4 Be7 14. Rc1 f5
15. Ned2 Kh8 16. Nb3 Be8 17. a3 Na7 18. Ne5 b6 19. Qc2 Bd6 20. Rfd1 Qf6 21. Nd2
Rd8 22. Ndc4 Bh5 23. Re1 Bxe5 24. Nxe5 c5 25. Qa4 cxd4 26. exd4 Nb5 27. d5 f4
28. g4 Be8 29. dxe6 Nd4 30. Qb4 a5 31. Qxf8+ Qxf8 32. e7 Qxe7 33. Ng6+ Bxg6 34.
Rxe7 f3 35. Bf1 Nb3 36. Rc3 Nd2 37. Ba6 Rd4 38. h3 Ne4 39. Rd3 1-0

[Event "Tradewise Gibraltar Masters 16th"]
[Site "Gibraltar"]
[Date "2018.01.29"]
[Round "7.42"]
[White "Pigott, John C"]
[Black "Dvirnyy, Danyyil"]
[Result "0-1"]
[WhiteElo "2418"]
[BlackElo "2534"]
[PlyCount "54"]
[EventDate "2018.01.23"]
[EventType "swiss"]
[EventRounds "10"]
[EventCountry "GGB"]
[SourceTitle "BritBase"]
[Source "www.saund.co.uk"]
[SourceDate "2018.02.10"]
[SourceVersion "1"]
[SourceVersionDate "2018.02.10"]
[SourceQuality "1"]

1. Nf3 d5 2. c4 d4 3. b4 g5 4. Qa4+ c6 5. Nxg5 e5 6. d3 Bh6 7. f4 exf4 8. Nf3
Ne7 9. Bb2 Nf5 10. Nbd2 O-O 11. Nb3 Re8 12. O-O-O a5 13. Kb1 Bg7 14. c5 Be6 15.
Rc1 b5 16. cxb6 Qxb6 17. Nxa5 Na6 18. a3 c5 19. Qc6 Qa7 20. b5 Nc7 21. Nc4 Nxb5
22. Qxb5 Reb8 23. Qc6 Bxc4 24. Rxc4 Rxb2+ 25. Kxb2 Qxa3+ 26. Kc2 Ne3+ 27. Kd2
Qa5+ 0-1

[Event "Tradewise Gibraltar Masters 16th"]
[Site "Gibraltar"]
[Date "2018.01.29"]
[Round "7.43"]
[White "Keymer, Vincent"]
[Black "Nihal, Sarin"]
[Result "0-1"]
[WhiteElo "2408"]
[BlackElo "2524"]
[PlyCount "102"]
[EventDate "2018.01.23"]
[EventType "swiss"]
[EventRounds "10"]
[EventCountry "GGB"]
[SourceTitle "BritBase"]
[Source "www.saund.co.uk"]
[SourceDate "2018.02.10"]
[SourceVersion "1"]
[SourceVersionDate "2018.02.10"]
[SourceQuality "1"]

1. Nf3 d5 2. d4 Nf6 3. c4 e6 4. Nc3 c6 5. e3 Nbd7 6. Qc2 Be7 7. b3 O-O 8. Bb2
b6 9. Bd3 Bb7 10. O-O Rc8 11. Rfd1 Qc7 12. Rac1 Rfd8 13. Qe2 dxc4 14. bxc4 c5
15. d5 exd5 16. Nxd5 Nxd5 17. cxd5 Bxd5 18. Bxh7+ Kxh7 19. Rxd5 Nf6 20. Rf5 Qd7
21. g4 Kg8 22. Ne5 Qd2 23. Qc4 Rd5 24. Qc3 Qxc3 25. Bxc3 Bd6 26. h3 b5 27. Ba1
c4 28. Kg2 a5 29. Kf3 Rcc5 30. Rxf6 Bxe5 31. Bxe5 gxf6 32. Bxf6 b4 33. Bd4 Rc6
34. Ke2 a4 35. Kd2 Rb5 36. h4 a3 37. Kc2 Kh7 38. f4 f5 39. g5 Kg6 40. h5+ Kxh5
41. Rh1+ Kg4 42. g6 b3+ 43. Kb1 c3 44. axb3 c2+ 45. Kc1 Rxb3 46. g7 Rb1+ 47.
Kd2 Rc8 48. Rc1 Rxc1 49. Kxc1 a2 50. Be5 Kf3 51. Bd4 Ke4 0-1

[Event "Tradewise Gibraltar Masters 16th"]
[Site "Gibraltar"]
[Date "2018.01.29"]
[Round "7.44"]
[White "Hoolt, Sarah"]
[Black "Antal, Gergely"]
[Result "0-1"]
[WhiteElo "2400"]
[BlackElo "2522"]
[PlyCount "122"]
[EventDate "2018.01.23"]
[EventType "swiss"]
[EventRounds "10"]
[EventCountry "GGB"]
[SourceTitle "BritBase"]
[Source "www.saund.co.uk"]
[SourceDate "2018.02.10"]
[SourceVersion "1"]
[SourceVersionDate "2018.02.10"]
[SourceQuality "1"]

1. e4 c5 2. Nf3 e6 3. d4 cxd4 4. Nxd4 Nc6 5. Nc3 Qc7 6. Be3 a6 7. Be2 Nf6 8.
O-O Be7 9. f4 d6 10. Kh1 O-O 11. Qe1 Nxd4 12. Bxd4 b5 13. a3 Bb7 14. Qg3 Rad8
15. Rae1 Rd7 16. Bd3 Re8 17. Rf3 Bd8 18. Qh3 e5 19. Nd5 Bxd5 20. exd5 g6 21.
Bf5 exd4 22. Rxe8+ Nxe8 23. Bxd7 Qxc2 24. g4 Nf6 25. g5 Ne4 26. Qg2 d3 27. Rf1
d2 28. Bg4 Bb6 29. Bd1 Qb1 30. Qf3 Nf2+ 31. Kg2 Nxd1 32. Rxd1 Qxb2 33. Qd3 Ba5
34. Kf3 Qc1 35. Ke2 Qc8 36. Rf1 Qg4+ 37. Qf3 Qf5 38. Qd3 d1=Q+ 39. Rxd1 Qxf4
40. Qg3 Qe4+ 41. Kf1 Qf5+ 42. Kg1 Bb6+ 43. Kh1 Bd8 44. h4 Qe4+ 45. Kg1 Bb6+ 46.
Kf1 Qc4+ 47. Rd3 Bd4 48. Qf3 Be5 49. Qh3 a5 50. Ke2 b4 51. axb4 axb4 52. Kd1
Kg7 53. Ke1 Bd4 54. Qf3 Be5 55. Qh3 Qe4+ 56. Kd2 Bd4 57. h5 gxh5 58. Qxh5 Qxd5
59. Qg4 Qa2+ 60. Kd1 Bc3 61. Rxd6 b3 0-1

[Event "Tradewise Gibraltar Masters 16th"]
[Site "Gibraltar"]
[Date "2018.01.29"]
[Round "7.45"]
[White "Bakalchuk, Johnatan"]
[Black "Dzagnidze, Nana"]
[Result "1-0"]
[WhiteElo "2400"]
[BlackElo "2522"]
[PlyCount "73"]
[EventDate "2018.01.23"]
[EventType "swiss"]
[EventRounds "10"]
[EventCountry "GGB"]
[SourceTitle "BritBase"]
[Source "www.saund.co.uk"]
[SourceDate "2018.02.10"]
[SourceVersion "1"]
[SourceVersionDate "2018.02.10"]
[SourceQuality "1"]

1. e4 c5 2. Nf3 e6 3. d4 cxd4 4. Nxd4 a6 5. Nc3 Qc7 6. g3 b5 7. Bg2 Bb7 8. O-O
Nf6 9. Re1 d6 10. a4 bxa4 11. Nd5 Nxd5 12. exd5 e5 13. c4 Be7 14. Qxa4+ Nd7 15.
Nc6 Nc5 16. Qa3 Bxc6 17. dxc6 O-O 18. b4 Ne6 19. Be3 Rab8 20. Reb1 d5 21. cxd5
Nd4 22. Bxd4 exd4 23. Qxa6 Rxb4 24. Rxb4 Bxb4 25. Qc4 Bd6 26. Qxd4 Be5 27. Qa7
Qd6 28. Rc1 f5 29. f4 Bb2 30. Rc4 Ba3 31. h4 Rc8 32. Kh2 Rc7 33. Qb8+ Kf7 34.
Ra4 Bc5 35. Ra8 Re7 36. Qf8+ Kg6 37. h5+ 1-0

[Event "Tradewise Gibraltar Masters 16th"]
[Site "Gibraltar"]
[Date "2018.01.29"]
[Round "7.46"]
[White "Santos Ruiz, Miguel"]
[Black "Bjerre, Jonas Buhl"]
[Result "1/2-1/2"]
[WhiteElo "2510"]
[BlackElo "2367"]
[PlyCount "65"]
[EventDate "2018.01.23"]
[EventType "swiss"]
[EventRounds "10"]
[EventCountry "GGB"]
[SourceTitle "BritBase"]
[Source "www.saund.co.uk"]
[SourceDate "2018.02.10"]
[SourceVersion "1"]
[SourceVersionDate "2018.02.10"]
[SourceQuality "1"]

1. e4 c5 2. Nf3 d6 3. d4 cxd4 4. Nxd4 Nf6 5. Nc3 a6 6. a4 e5 7. Nf3 Be7 8. Bg5
Be6 9. Bxf6 Bxf6 10. Nd5 Nd7 11. Bc4 Rc8 12. Qe2 Nb6 13. Nxb6 Qxb6 14. Bxe6
fxe6 15. c3 O-O 16. O-O Qc6 17. Rfd1 Be7 18. Ne1 Qc4 19. Nd3 Bd8 20. f3 Bb6+
21. Kh1 Rfd8 22. Qc2 Ba7 23. a5 Bc5 24. Rd2 Be3 25. Rdd1 Bc5 26. Rd2 Be3 27.
Ra4 Qb5 28. Rb4 Qc6 29. Rd1 Rd7 30. Qb3 Re7 31. Re1 Ba7 32. Ra1 Kh8 33. Raa4
1/2-1/2

[Event "Tradewise Gibraltar Masters 16th"]
[Site "Gibraltar"]
[Date "2018.01.29"]
[Round "7.47"]
[White "Batchimeg, Tuvshintugs"]
[Black "Kollars, Dmitrij"]
[Result "1/2-1/2"]
[WhiteElo "2398"]
[BlackElo "2505"]
[PlyCount "120"]
[EventDate "2018.01.23"]
[EventType "swiss"]
[EventRounds "10"]
[EventCountry "GGB"]
[SourceTitle "BritBase"]
[Source "www.saund.co.uk"]
[SourceDate "2018.02.10"]
[SourceVersion "1"]
[SourceVersionDate "2018.02.10"]
[SourceQuality "1"]

1. d4 Nf6 2. c4 g6 3. Nc3 Bg7 4. e4 d6 5. Nf3 O-O 6. h3 e5 7. d5 a5 8. Bg5 Na6
9. Nd2 Qe8 10. Be2 Nd7 11. Nb3 b6 12. O-O Ndc5 13. Nxc5 Nxc5 14. Qd2 f5 15.
exf5 gxf5 16. f4 Qg6 17. fxe5 f4 18. Rxf4 Rxf4 19. Qxf4 Bxe5 20. Qh4 Bxh3 21.
Rf1 h6 22. Qxh6 Bf5 23. Qh4 Qh7 24. Bh5 Nd7 25. Nb5 Nf8 26. Bf6 Bg6 27. Bxg6
Qxh4 28. Bf7+ Kxf7 29. Bxh4+ Kg8 30. Bf6 Bxf6 31. Rxf6 Rc8 32. b3 Kg7 33. Rf5
Nd7 34. g4 Kg6 35. Kg2 Nc5 36. Kg3 a4 37. Rf3 axb3 38. axb3 Ne4+ 39. Kf4 Ng5
40. Re3 Rf8+ 41. Kg3 Rf7 42. Nd4 Rf1 43. Ne6 Rg1+ 44. Kf2 Rxg4 45. Nxc7 Kf5 46.
Ke2 Ne4 47. Kd3 Nf2+ 48. Kc2 Ne4 49. Kb2 Rg7 50. Nb5 Rh7 51. Ka3 Kf4 52. Re1
Rh3 53. Rf1+ Ke5 54. Re1 Kf4 55. Nd4 Rd3 56. Ne6+ Kf5 57. Rf1+ Ke5 58. Re1 Kf5
59. Ng7+ Kf4 60. Ne6+ Kf5 1/2-1/2

[Event "Tradewise Gibraltar Masters 16th"]
[Site "Gibraltar"]
[Date "2018.01.29"]
[Round "7.48"]
[White "Goryachkina, Aleksandra"]
[Black "Blohberger, Felix"]
[Result "1-0"]
[WhiteElo "2493"]
[BlackElo "2367"]
[PlyCount "59"]
[EventDate "2018.01.23"]
[EventType "swiss"]
[EventRounds "10"]
[EventCountry "GGB"]
[SourceTitle "BritBase"]
[Source "www.saund.co.uk"]
[SourceDate "2018.02.10"]
[SourceVersion "1"]
[SourceVersionDate "2018.02.10"]
[SourceQuality "1"]

1. d4 Nf6 2. c4 g6 3. Nc3 Bg7 4. e4 d6 5. f3 O-O 6. Be3 c5 7. Nge2 Nc6 8. d5
Ne5 9. Ng3 h5 10. Be2 h4 11. Nf1 e6 12. Bg5 h3 13. Ne3 hxg2 14. Rg1 Qa5 15. Qd2
exd5 16. Bxf6 Bxf6 17. Nexd5 Bh4+ 18. Kd1 Qd8 19. f4 Ng4 20. Rxg2 Nf2+ 21. Kc2
Bh3 22. Rgg1 Re8 23. Bf3 Qc8 24. Rg3 Bxg3 25. hxg3 Ng4 26. Rh1 Nh6 27. Nf6+ Kf8
28. Qxd6+ Re7 29. Ncd5 Ng8 30. Nxg8 1-0

[Event "Tradewise Gibraltar Masters 16th"]
[Site "Gibraltar"]
[Date "2018.01.29"]
[Round "7.49"]
[White "Christiansen, Johan-Sebastian"]
[Black "Lazarne Vajda, Szidonia"]
[Result "1/2-1/2"]
[WhiteElo "2492"]
[BlackElo "2362"]
[PlyCount "112"]
[EventDate "2018.01.23"]
[EventType "swiss"]
[EventRounds "10"]
[EventCountry "GGB"]
[SourceTitle "BritBase"]
[Source "www.saund.co.uk"]
[SourceDate "2018.02.10"]
[SourceVersion "1"]
[SourceVersionDate "2018.02.10"]
[SourceQuality "1"]

1. e4 e5 2. Nf3 Nc6 3. Bc4 Bc5 4. O-O Nf6 5. d4 Bxd4 6. Nxd4 Nxd4 7. Bg5 d6 8.
f4 Qe7 9. Bxf6 gxf6 10. f5 d5 11. Bxd5 Qc5 12. Rf2 c6 13. Bb3 Ke7 14. c3 Nxb3
15. axb3 Rd8 16. Qe1 b5 17. b4 Qb6 18. Nd2 a5 19. Nb3 a4 20. Nc5 Bb7 21. Rd2
Rxd2 22. Qxd2 Rd8 23. Qe2 Bc8 24. Rd1 Rxd1+ 25. Qxd1 Qa7 26. Qc1 Qc7 27. Kf2
Qd8 28. g3 Qg8 29. Qd1 Qg5 30. h3 Qh6 31. h4 Qg7 32. Qh5 Kd6 33. Kg2 Ke7 34.
Kh3 Kf8 35. Qe2 Qh6 36. Nd3 Bd7 37. Qf2 Ke8 38. Qa7 Qd2 39. Nc5 h5 40. Qb8+ Ke7
41. Nb7 Bxf5+ 42. exf5 Qd7 43. Qa7 Qxf5+ 44. Kg2 Qe4+ 45. Kf2 Qc2+ 46. Ke3 Qc1+
47. Kf3 Qd1+ 48. Kg2 Qd5+ 49. Kh2 Qd2+ 50. Kh1 Qd5+ 51. Kg1 Qd1+ 52. Kf2 Qd2+
53. Kf3 Qd1+ 54. Kg2 Qd5+ 55. Kh2 Qd2+ 56. Kh1 Qd5+ 1/2-1/2

[Event "Tradewise Gibraltar Masters 16th"]
[Site "Gibraltar"]
[Date "2018.01.29"]
[Round "7.50"]
[White "Mohammad, Nubairshah Shaikh"]
[Black "Xu, Yi"]
[Result "1/2-1/2"]
[WhiteElo "2380"]
[BlackElo "2482"]
[PlyCount "105"]
[EventDate "2018.01.23"]
[EventType "swiss"]
[EventRounds "10"]
[EventCountry "GGB"]
[SourceTitle "BritBase"]
[Source "www.saund.co.uk"]
[SourceDate "2018.02.10"]
[SourceVersion "1"]
[SourceVersionDate "2018.02.10"]
[SourceQuality "1"]

1. c4 Nf6 2. Nc3 e6 3. d4 Bb4 4. e3 O-O 5. Nge2 Re8 6. a3 Bf8 7. d5 c6 8. g3 b5
9. dxe6 bxc4 10. exf7+ Kxf7 11. b3 cxb3 12. Bg2 Na6 13. Qxb3+ d5 14. O-O Nc5
15. Qc2 Kg8 16. Rb1 Bg4 17. h3 Bh5 18. Nf4 Bf7 19. Na4 Qa5 20. Nxc5 Qxc5 21.
Qxc5 Bxc5 22. Bb2 Bd6 23. Bxf6 gxf6 24. Rfc1 Rac8 25. Rb7 Bxa3 26. Rc3 Bd6 27.
Rxa7 Be5 28. Rc1 Bxf4 29. gxf4 c5 30. Rd7 d4 31. exd4 cxd4 32. Rxc8 Rxc8 33.
Rxd4 Rc4 34. Rd8+ Kg7 35. Rd7 Kg8 36. Rd8+ Kg7 37. Rd7 Kg8 38. f5 Rf4 39. Bd5
Bxd5 40. Rxd5 Kg7 41. Kg2 Kh6 42. Kg3 Kg5 43. Rd7 h6 44. h4+ Rxh4 45. Rg7+ Kh5
46. Rf7 Kg5 47. Rg7+ Kh5 48. Kf3 Rg4 49. Rf7 Kg5 50. Rg7+ Kh5 51. Rh7 Kg5 52.
Rg7+ Kh5 53. Rxg4 1/2-1/2

[Event "Tradewise Gibraltar Masters 16th"]
[Site "Gibraltar"]
[Date "2018.01.29"]
[Round "7.51"]
[White "Zanan, Evgeny"]
[Black "Bellon Lopez, Juan Manuel"]
[Result "1/2-1/2"]
[WhiteElo "2482"]
[BlackElo "2334"]
[PlyCount "136"]
[EventDate "2018.01.23"]
[EventType "swiss"]
[EventRounds "10"]
[EventCountry "GGB"]
[SourceTitle "BritBase"]
[Source "www.saund.co.uk"]
[SourceDate "2018.02.10"]
[SourceVersion "1"]
[SourceVersionDate "2018.02.10"]
[SourceQuality "1"]

1. e4 c5 2. Nf3 e6 3. d4 cxd4 4. Nxd4 Nc6 5. Nc3 Qc7 6. Be3 Nf6 7. f4 Nxd4 8.
Qxd4 b6 9. O-O-O Bc5 10. Nb5 Qc6 11. Qd3 O-O 12. Bxc5 bxc5 13. Nd6 Rb8 14. Be2
Qa4 15. a3 Bb7 16. Bf3 Bc6 17. Qe3 Ne8 18. Qxc5 Nxd6 19. Rxd6 Bd5 20. Rxd5 exd5
21. Qxd5 Rfc8 22. Bd1 Qa6 23. Qd4 Rc6 24. Qe3 Qb5 25. Qd4 Rc4 26. Qe5 Qxe5 27.
fxe5 Rxe4 28. Bf3 Rxe5 29. Rd1 Rd8 30. Rd6 a5 31. b4 Kf8 32. Kd2 Ke7 33. Ra6
axb4 34. axb4 Rb8 35. c3 f5 36. h4 f4 37. Kd3 Re6 38. Ra5 Rd6+ 39. Kc2 g6 40.
b5 Rc8 41. Ra4 Rb6 42. Rb4 h6 43. c4 Kd6 44. Kc3 Kc5 45. Bd5 g5 46. hxg5 hxg5
47. Ra4 Rxb5 48. cxb5 Kxd5+ 49. Kd3 Rc1 50. Rb4 Rc7 51. b6 Rb7 52. Rb5+ Kc6 53.
Rxg5 Rxb6 54. Kc4 Ra6 55. Rg6+ d6 56. g3 fxg3 57. Rxg3 d5+ 58. Kb4 Rb6+ 59. Kc3
Kc5 60. Rg8 d4+ 61. Kd3 Rb3+ 62. Kd2 Rc3 63. Rc8+ Kb4 64. Rd8 Kc4 65. Rc8+ Kb3
66. Rd8 Rc4 67. Kd3 Rb4 68. Rxd4 Rxd4+ 1/2-1/2

[Event "Tradewise Gibraltar Masters 16th"]
[Site "Gibraltar"]
[Date "2018.01.29"]
[Round "7.52"]
[White "Kobo, Ori"]
[Black "Merario Alarcon, Andres"]
[Result "1-0"]
[WhiteElo "2477"]
[BlackElo "2298"]
[PlyCount "101"]
[EventDate "2018.01.23"]
[EventType "swiss"]
[EventRounds "10"]
[EventCountry "GGB"]
[SourceTitle "BritBase"]
[Source "www.saund.co.uk"]
[SourceDate "2018.02.10"]
[SourceVersion "1"]
[SourceVersionDate "2018.02.10"]
[SourceQuality "1"]

1. Nf3 d5 2. g3 Nf6 3. Bg2 c5 4. d4 cxd4 5. O-O e6 6. Nxd4 e5 7. Nb3 Be6 8. Bg5
Nbd7 9. N1d2 Be7 10. e4 dxe4 11. Nxe4 Qc7 12. Nxf6+ Nxf6 13. Re1 O-O 14. Rc1 h6
15. Bd2 Rad8 16. Qe2 e4 17. Bc3 Rfe8 18. h3 Nd5 19. Qxe4 Nxc3 20. bxc3 Qxc3 21.
Qxb7 Bg5 22. Rb1 Qxc2 23. Qxa7 Bxb3 24. Rxe8+ Rxe8 25. Rxb3 Bf6 26. Rb8 Qd1+
27. Kh2 Rxb8 28. Qxb8+ Qd8 29. Qb7 Bd4 30. f4 Qb6 31. Qc8+ Kh7 32. Qf5+ Qg6 33.
Qd5 Qf6 34. h4 g6 35. a4 Kg7 36. Bf1 Qb6 37. Bc4 Qa7 38. h5 gxh5 39. Qxh5 Bf6
40. a5 Qd7 41. a6 Bd4 42. Bd5 Qe7 43. Kh3 Qc7 44. Qg4+ Kf8 45. Qf5 Qe7 46. Bc4
Qc7 47. Qd5 Ba7 48. Kg4 Kg7 49. Kh5 Qc5 50. Qxc5 Bxc5 51. Bxf7 1-0

[Event "Tradewise Gibraltar Masters 16th"]
[Site "Gibraltar"]
[Date "2018.01.29"]
[Round "7.53"]
[White "Haria, Ravi"]
[Black "Paehtz, Elisabeth"]
[Result "1/2-1/2"]
[WhiteElo "2374"]
[BlackElo "2464"]
[PlyCount "134"]
[EventDate "2018.01.23"]
[EventType "swiss"]
[EventRounds "10"]
[EventCountry "GGB"]
[SourceTitle "BritBase"]
[Source "www.saund.co.uk"]
[SourceDate "2018.02.10"]
[SourceVersion "1"]
[SourceVersionDate "2018.02.10"]
[SourceQuality "1"]

1. e4 e5 2. Nf3 Nc6 3. Bc4 Nf6 4. d3 Bc5 5. c3 d6 6. a4 a6 7. O-O Ba7 8. Bg5 h6
9. Bh4 g5 10. Bg3 Bg4 11. Nbd2 Qe7 12. Re1 h5 13. h4 Nh7 14. b4 Nd8 15. d4 Bxf3
16. Nxf3 g4 17. Nd2 Nf8 18. Nf1 Ng6 19. Ne3 Ne6 20. b5 Kf8 21. Qb3 exd4 22. Nd5
Qd8 23. b6 cxb6 24. cxd4 b5 25. axb5 Bxd4 26. Rad1 axb5 27. Qxb5 Be5 28. Ne3
Qc7 29. Bxe6 fxe6 30. Rc1 Qe7 31. Nf5 exf5 32. exf5 Kg7 33. fxg6 Rhe8 34. Bxe5+
dxe5 35. Rc5 Qf6 36. Qxb7+ Kf8 37. Rc6 Qg7 38. Qb4+ Kg8 39. Qe4 Rad8 40. Rec1
Rf8 41. Rc7 Rd1+ 42. Kh2 Rxc1 43. Rxg7+ Kxg7 44. Qxe5+ Rf6 45. Qxh5 Rxg6 46.
Qe5+ Kg8 47. Qd5+ Kh8 48. Qh5+ Kg7 49. Qe5+ Kg8 50. Qe8+ Kg7 51. Qe7+ Kg8 52.
Qd8+ Kh7 53. h5 Rgc6 54. Kg3 R1c4 55. Qe8 Kg7 56. Kh4 Kh7 57. Qf7+ Kh8 58. Kg3
Rc7 59. Qe8+ Kh7 60. Qg6+ Kh8 61. Qe8+ Kg7 62. Qg6+ Kh8 63. h6 R4c6 64. Qb1 Rc4
65. Qf5 Kg8 66. h7+ Kh8 67. Qg6 Rc8 1/2-1/2

[Event "Tradewise Gibraltar Masters 16th"]
[Site "Gibraltar"]
[Date "2018.01.29"]
[Round "7.54"]
[White "Prasanna, Raghuram Rao"]
[Black "Movileanu, Daniela"]
[Result "1/2-1/2"]
[WhiteElo "2458"]
[BlackElo "2163"]
[PlyCount "103"]
[EventDate "2018.01.23"]
[EventType "swiss"]
[EventRounds "10"]
[EventCountry "GGB"]
[SourceTitle "BritBase"]
[Source "www.saund.co.uk"]
[SourceDate "2018.02.10"]
[SourceVersion "1"]
[SourceVersionDate "2018.02.10"]
[SourceQuality "1"]

1. d4 Nf6 2. Bg5 g6 3. Bxf6 exf6 4. c4 f5 5. Nc3 d6 6. h4 h5 7. e3 Bh6 8. g3
Nd7 9. Bg2 Nf6 10. Nge2 Ng4 11. Nf4 Kf8 12. Qc2 Kg7 13. Nce2 Re8 14. O-O Kh7
15. c5 dxc5 16. Rfd1 c6 17. d5 Qf6 18. Qxc5 cxd5 19. Bxd5 Bd7 20. Bxb7 Rad8 21.
Bg2 Qxb2 22. Rab1 Qf6 23. Qxa7 Be6 24. Qa6 Rxd1+ 25. Rxd1 Qb2 26. Rf1 Qxa2 27.
Qb7 Bc4 28. Bd5 Bxd5 29. Nxd5 Rf8 30. Nd4 Qa8 31. Rb1 Bg7 32. Qb3 Rd8 33. Nf4
Qe4 34. Nh3 Qd5 35. Ng5+ Kg8 36. Qxd5 Rxd5 37. Rb8+ Bf8 38. Rc8 Rd7 39. Kf1 Kg7
40. Ke2 Be7 41. Ngf3 Rb7 42. Nd2 Rb2 43. Rc2 Rxc2 44. Nxc2 Ne5 45. Nf3 Nxf3 46.
Kxf3 Kf6 47. Ne1 Ke5 48. Nd3+ Kd5 49. Nf4+ Ke5 50. Nd3+ Kd5 51. Nf4+ Ke5 52.
Nd3+ 1/2-1/2

[Event "Tradewise Gibraltar Masters 16th"]
[Site "Gibraltar"]
[Date "2018.01.29"]
[Round "7.55"]
[White "Hemant, Sharma (Del)"]
[Black "Esserman, Marc"]
[Result "1/2-1/2"]
[WhiteElo "2348"]
[BlackElo "2446"]
[PlyCount "75"]
[EventDate "2018.01.23"]
[EventType "swiss"]
[EventRounds "10"]
[EventCountry "GGB"]
[SourceTitle "BritBase"]
[Source "www.saund.co.uk"]
[SourceDate "2018.02.10"]
[SourceVersion "1"]
[SourceVersionDate "2018.02.10"]
[SourceQuality "1"]

1. c4 Nf6 2. Nc3 c5 3. g3 Nc6 4. Bg2 e6 5. Nf3 d5 6. cxd5 Nxd5 7. O-O Be7 8. d4
cxd4 9. Nxd5 exd5 10. Nxd4 O-O 11. Be3 Bf6 12. Rc1 Ne5 13. b3 Qa5 14. Qd2 Qxd2
15. Bxd2 a6 16. Bb4 Re8 17. Rfd1 Nc6 18. Nxc6 bxc6 19. Rd2 Bb7 20. Bc3 Be7 21.
Ba5 Bf6 22. e3 h5 23. h4 g6 24. Kf1 Be7 25. Rcc2 Bf6 26. Rd1 Be7 27. Rd4 f5 28.
Ra4 Kf7 29. Bb4 Bd8 30. Ba5 Be7 31. Bf3 Rec8 32. Bb6 Ke6 33. Be2 Bd6 34. Bd3
Rcb8 35. Ke2 Bc8 36. Bc5 a5 37. Kd2 Bc7 38. Bd4 1/2-1/2